000 01168nam a2200337 a 4500
001 000109202
003 CHAP
005 20220329144041.0
008 140409s2013 mx sm |||||||spa d
010 _a105664
011 _a106636
040 _cCHAP
090 _aTesis
100 1 _aMeza Romero, Omar
_9126359
245 1 0 _aProducción de pepino (Cucumis sativus L. ) en hidroponía con contenedores de pet y subirrigación
_h[En línea]
_cpor Omar Meza Romero.
260 _aChapingo, Méx. :
_bEl autor,
_c2013.
500 _aPara ver el contenido del material haga clic en la liga
502 _aTesis (Ing. Agr. Esp. en Fitotecnia) -- UACH. Fitotecnia
590 _aBATCH-UPD
_b05
_c20141002
_lUCH01
_h0900
590 _aE5765TAJ
_b05
_c20140409
_lUCH01
_h1155
590 _aE5765TAJ
_b05
_c20140409
_lUCH01
_h1156
650 1 4 _aContenedores.
_927440
650 1 4 _aIrrigación.
_960366
650 1 4 _aPepino
_xCalidad.
_986897
650 1 4 _aPepino
_xCultivos hidropónicos.
_9126362
650 1 4 _aPepino
_xRendimiento.
_986928
856 _aFinding aid
_uhttp://10.13.5.2/tesis/sist109202.pdf
_zTeclea aquí
901 _aBK
942 _cTESIS
942 _n0
999 _c105664
_d105664